[Event "Moscow op 03rd"]
[Site "Moscow"]
[Date "2007.02.03"]
[Round "8"]
[White "Vafin, Niaz"]
[Black "Nakhapetiane, Pogos"]
[Result "1/2-1/2"]
[WhiteElo "2308"]
[BlackElo "2408"]
[PlyCount "99"]
[EventDate "2007.01.27"]
[EventType "swiss"]
[EventRounds "9"]
[EventCountry "RUS"]
[SourceTitle "CBM 116 Extra"]
[Source "ChessBase"]
[SourceDate "2007.03.07"]
[SourceVersion "1"]
[SourceVersionDate "2007.03.07"]
[SourceQuality "1"]

1. e4 c5 2. Nf3 Nc6 3. d4 cxd4 4. Nxd4 Nf6 5. Nc3 e5 6. Ndb5 d6 7. Bg5 a6 8. Na3 b5 9. Nd5 Be7 10. Bxf6 Bxf6 11. c3 Rb8 12. Nc2 0-0 13. Bd3 Bg5 14. 0-0 Be6 15. Nce3 Ne7 16. Nxe7+ Qxe7 17. Qe2 g6 18. a4 f5 19. axb5 axb5 20. f3 h5 21. Nc2 Kg7 22. Nb4 fxe4 23. Bxe4 d5 24. Bd3 Qd6 25. Kh1 Bd8 26. Bxb5 e4 27. fxe4 dxe4 28. Ra7+ Bc7 29. Rxc7+ Qxc7 30. Na6 Qe5 31. Nxb8 Bg4 32. Qe3 Qxb5 33. Qd4+ Kg8 34. Rxf8+ Kxf8 35. Qf6+ Kg8 36. Qxg6+ Kh8 37. Qf6+ Kh7 38. Nc6 Qe2 39. h4 Bf3 40. Qe7+ Kh8 41. Qf8+ Kh7 42. Qf5+ Kh8 43. gxf3 exf3 44. Qxh5+ Kg7 45. Qg4+ Kh7 46. Qh5+ Kg7 47. Qg5+ Kh7 48. Qh5+ Kg7 49. Qe5+ Kh7 50. Qe7+ 1/2-1/2

[Event "Moscow op 03rd"]
[Site "Moscow"]
[Date "2007.02.01"]
[Round "6"]
[White "Vafin, Niaz"]
[Black "Maiorov, Nikita"]
[Result "0-1"]
[WhiteElo "2308"]
[BlackElo "2516"]
[PlyCount "118"]
[EventDate "2007.01.27"]
[EventType "swiss"]
[EventRounds "9"]
[EventCountry "RUS"]
[SourceTitle "CBM 116 Extra"]
[Source "ChessBase"]
[SourceDate "2007.03.07"]
[SourceVersion "1"]
[SourceVersionDate "2007.03.07"]
[SourceQuality "1"]

1. e4 e5 2. Nf3 Nc6 3. Bb5 a6 4. Ba4 Nf6 5. 0-0 Be7 6. Re1 b5 7. Bb3 d6 8. c3 0-0 9. d4 Bg4 10. Be3 exd4 11. cxd4 Na5 12. Bc2 Nc4 13. Bc1 c5 14. b3 Nb6 15. Nbd2 Nfd7 16. h3 Bh5 17. Bb2 Re8 18. g4 Bg6 19. Nf1 Rc8 20. dxc5 Nxc5 21. Ng3 Bf6 22. Bxf6 Qxf6 23. Nf5 Bxf5 24. exf5 Rxe1+ 25. Qxe1 Qb2 26. Qc1 Qc3 27. Bd1 Qf6 28. Rb1 Nxb3 29. Qf4 Nc5 30. g5 Qe7 31. Bc2 f6 32. Re1 Qf8 33. Nd4 fxg5 34. Qxg5 Qf6 35. Qxf6 gxf6 36. Re7 Nd5 37. Ra7 Rc7 38. Ra8+ Kg7 39. Bb3 Nf4 40. Kh2 Re7 41. Rg8+ Kh6 42. Rf8 Nd7 43. Ra8 Rg7 44. Ne6 Rg2+ 45. Kh1 Rxf2 46. Nxf4 Rxf4 47. Rxa6 Rd4 48. Ra7 Ne5 49. Kg2 Kg5 50. Rxh7 Kxf5 51. Rh5+ Kg6 52. Rh8 Kg5 53. Kg3 Rd3+ 54. Kg2 f5 55. Rb8 Rd2+ 56. Kf1 Kf4 57. Rxb5 Ke3 58. Ra5 Rf2+ 59. Ke1 Rh2 0-1

[Event "Moscow op 03rd"]
[Site "Moscow"]
[Date "2007.01.29"]
[Round "3"]
[White "Vafin, Niaz"]
[Black "Kurukin, Dmitry"]
[Result "1-0"]
[WhiteElo "2308"]
[BlackElo "2164"]
[PlyCount "63"]
[EventDate "2007.01.27"]
[EventType "swiss"]
[EventRounds "9"]
[EventCountry "RUS"]
[SourceTitle "CBM 116 Extra"]
[Source "ChessBase"]
[SourceDate "2007.03.07"]
[SourceVersion "1"]
[SourceVersionDate "2007.03.07"]
[SourceQuality "1"]

1. e4 c5 2. Nf3 d6 3. d4 cxd4 4. Nxd4 Nf6 5. Nc3 a6 6. Be2 e5 7. Nb3 Be7 8. 0-0 0-0 9. Kh1 Be6 10. f4 Qc7 11. Nd5 Bxd5 12. exd5 Nbd7 13. c4 Nb6 14. Qd3 Rac8 15. Nd2 exf4 16. Rxf4 Nfd7 17. b3 Ne5 18. Qg3 Ng6 19. Bb2 Nd7 20. Raf1 Qd8 21. Ne4 Nde5 22. Rf5 b6 23. Bd4 Kh8 24. Qf2 Rb8 25. g3 f6 26. h4 Nf7 27. Bd3 Nge5 28. Bb1 g6 29. Nxf6 gxf5 30. Qxf5 Ng6 31. Nxh7+ Nfe5 32. Nxf8 1-0

[Event "Kimry Rating 33rd"]
[Site "Kimry"]
[Date "2007.01.24"]
[Round "8"]
[White "Vafin, Niaz"]
[Black "Asrian, Armen"]
[Result "1-0"]
[WhiteElo "2308"]
[BlackElo "2178"]
[PlyCount "27"]
[EventDate "2007.01.21"]
[EventType "tourn"]
[EventRounds "10"]
[EventCountry "RUS"]
[SourceTitle "EXT 2008"]
[Source "ChessBase"]
[SourceDate "2007.11.25"]
[SourceVersion "1"]
[SourceVersionDate "2007.11.25"]
[SourceQuality "1"]

1. e4 b6 2. d4 Bb7 3. Nc3 e6 4. a3 g6 5. Nf3 Bg7 6. Bc4 Ne7 7. 0-0 0-0 8. Bg5 h6 9. Bh4 d6 10. Qe2 Nd7 11. Rad1 Qe8 12. Nb5 Ba6 13. Nxc7 Bxc4 14. Qxc4 1-0

[Event "Kimry Rating 33rd"]
[Site "Kimry"]
[Date "2007.01.23"]
[Round "5"]
[White "Kotov, Viktor"]
[Black "Vafin, Niaz"]
[Result "0-1"]
[WhiteElo "2301"]
[BlackElo "2308"]
[PlyCount "132"]
[EventDate "2007.01.21"]
[EventType "tourn"]
[EventRounds "10"]
[EventCountry "RUS"]
[SourceTitle "EXT 2008"]
[Source "ChessBase"]
[SourceDate "2007.11.25"]
[SourceVersion "1"]
[SourceVersionDate "2007.11.25"]
[SourceQuality "1"]

1. e4 e5 2. Nf3 Nf6 3. d4 Nxe4 4. Bd3 d5 5. Nxe5 Nd7 6. Nxd7 Bxd7 7. 0-0 Bd6 8. c4 c6 9. cxd5 cxd5 10. Qh5 0-0 11. Qxd5 Bc6 12. Qh5 g6 13. Qh3 Ng5 14. Qg4 Ne6 15. Bh6 Re8 16. Nc3 Nxd4 17. Rad1 Ne6 18. h4 Qc7 19. h5 Bf4 20. Bxf4 Qxf4 21. Qxf4 Nxf4 22. hxg6 Bxg2 23. gxf7+ Kxf7 24. Bc4+ Kg6 25. Rd6+ Kg5 26. Rfd1 Re5 27. R6d4 Rf8 28. Kh2 Rf6 29. Kg3 Bc6 30. Rg1 Kh6 31. f3 Rg5+ 32. Kh2 Rh5+ 33. Kg3 Rg6+ 34. Kxf4 Rxg1 35. Be6 Rh4+ 36. Bg4 Kg7 37. Ne2 Rf1 38. Ng3 Rxf3+ 39. Kg5 Rxg3 40. Kxh4 Rg2 41. Bd7 Rh2+ 42. Kg3 Rxb2 43. Bxc6 bxc6 44. Rd7+ Kf6 45. Rd6+ Ke5 46. Rxc6 Rxa2 47. Rh6 Ke4 48. Rxh7 a5 49. Re7+ Kd3 50. Kf3 Ra1 51. Rd7+ Kc3 52. Ke2 Ra2+ 53. Kd1 Ra1+ 54. Ke2 Ra2+ 55. Kd1 Ra4 56. Rd5 Ra1+ 57. Ke2 a4 58. Rd3+ Kc4 59. Rd1 Ra2+ 60. Ke3 Rc2 61. Rd8 a3 62. Ra8 a2 63. Ra7 Kc3 64. Ra8 Kb2 65. Kd3 Rc3+ 66. Kd2 Rb3 0-1

[Event "Saratov Aratovsky Memorial 6th"]
[Site "Saratov"]
[Date "2006.12.05"]
[Round "9"]
[White "Isajevsky, Anton"]
[Black "Vafin, Niaz"]
[Result "1-0"]
[WhiteElo "2457"]
[BlackElo "2290"]
[PlyCount "87"]
[EventDate "2006.11.27"]
[EventType "swiss"]
[EventRounds "9"]
[EventCountry "RUS"]
[SourceTitle "EXT 2008"]
[Source "ChessBase"]
[SourceDate "2007.11.25"]
[SourceVersion "1"]
[SourceVersionDate "2007.11.25"]
[SourceQuality "1"]

1. e4 e5 2. Bc4 Nf6 3. d3 h6 4. Nf3 Nc6 5. 0-0 g6 6. c3 Bg7 7. Bb3 0-0 8. Re1 d6 9. Nbd2 Be6 10. Bc2 Nh5 11. Nf1 Ne7 12. d4 c5 13. dxc5 dxc5 14. Qxd8 Raxd8 15. g3 b6 16. Be3 Nc6 17. Ba4 Rd6 18. N3d2 g5 19. f3 Rfd8 20. Bb5 Na5 21. b3 Nf6 22. Rab1 Ne8 23. a3 Nc7 24. Be2 Nb7 25. b4 Rc6 26. Rec1 Ne8 27. Bf2 a5 28. Bb5 Rc7 29. bxa5 bxa5 30. Bc4 Ned6 31. Bxe6 fxe6 32. a4 Rc6 33. c4 Rd7 34. Rb2 Bf6 35. Rcb1 Bd8 36. Ne3 h5 37. Kf1 Kf7 38. Ke2 Kg6 39. Nc2 g4 40. Ne1 Bg5 41. Be3 Bxe3 42. Kxe3 Rc8 43. Nd3 Kf6 44. Rf1 1-0

[Event "Saratov Aratovsky Memorial 6th"]
[Site "Saratov"]
[Date "2006.12.01"]
[Round "5"]
[White "Vafin, Niaz"]
[Black "Gutov, Andrey"]
[Result "1/2-1/2"]
[WhiteElo "2290"]
[BlackElo "2280"]
[PlyCount "91"]
[EventDate "2006.11.27"]
[EventType "swiss"]
[EventRounds "9"]
[EventCountry "RUS"]
[SourceTitle "EXT 2008"]
[Source "ChessBase"]
[SourceDate "2007.11.25"]
[SourceVersion "1"]
[SourceVersionDate "2007.11.25"]
[SourceQuality "1"]

1. e4 e5 2. Nf3 Nc6 3. Bb5 a6 4. Ba4 Nf6 5. 0-0 Be7 6. Re1 b5 7. Bb3 d6 8. c3 0-0 9. d4 Bg4 10. Be3 Bh5 11. h3 exd4 12. cxd4 d5 13. e5 Ne4 14. Nc3 Nxc3 15. bxc3 Bg6 16. Bf4 Na5 17. Bc2 Nc4 18. g4 Bxc2 19. Qxc2 a5 20. h4 Qc8 21. Qf5 g6 22. Qxc8 Rfxc8 23. Re2 b4 24. Rc1 Ra6 25. h5 Rb6 26. cxb4 Rxb4 27. Ne1 Rcb8 28. Nd3 Rb1 29. Kg2 a4 30. hxg6 hxg6 31. e6 Rxc1 32. exf7+ Kxf7 33. Bxc1 a3 34. f4 Rb1 35. Rc2 Bf6 36. Ne5+ Bxe5 37. fxe5 Rb2 38. Rf2+ Ke6 39. Kg3 c6 40. Rf6+ Ke7 41. Bg5 Ke8 42. Rxg6 Nd2 43. e6 Ne4+ 44. Kf4 Nxg5 45. Rxg5 Ke7 46. Ke5 1/2-1/2

[Event "Saratov Aratovsky Memorial 6th"]
[Site "Saratov"]
[Date "2006.11.30"]
[Round "4"]
[White "Astashin, Alexander"]
[Black "Vafin, Niaz"]
[Result "0-1"]
[WhiteElo "2210"]
[BlackElo "2290"]
[PlyCount "86"]
[EventDate "2006.11.27"]
[EventType "swiss"]
[EventRounds "9"]
[EventCountry "RUS"]
[SourceTitle "EXT 2008"]
[Source "ChessBase"]
[SourceDate "2007.11.25"]
[SourceVersion "1"]
[SourceVersionDate "2007.11.25"]
[SourceQuality "1"]

1. e4 c5 2. b3 Nc6 3. Bb2 e6 4. Nf3 a6 5. d4 cxd4 6. Nxd4 d6 7. Bd3 Nf6 8. 0-0 Be7 9. f4 0-0 10. Nxc6 bxc6 11. Nd2 e5 12. Nc4 Ng4 13. Be2 h5 14. h3 d5 15. Nxe5 Qb6+ 16. Bd4 c5 17. hxg4 cxd4 18. Bd3 dxe4 19. Bxe4 d3+ 20. Kh1 hxg4 21. Nxg4 dxc2 22. Bxc2 f5 23. Nh2 Be6 24. Qe2 Rf6 25. Rae1 Bb4 26. Rd1 Re8 27. Bd3 Bf7 28. Qc2 g6 29. Bc4 Re7 30. Rf3 Kg7 31. Rfd3 Be8 32. Nf3 Bd6 33. g3 Bc6 34. Bd5 Bxd5 35. Rxd5 Re3 36. Ng5 Rxg3 37. Qd2 Qb8 38. Qh2 Rxg5 39. fxg5 Bxh2 40. gxf6+ Kxf6 41. Rd8 Qf4 42. R8d4 Qh6 43. Kg2 Be5 0-1

[Event "Saratov Aratovsky Memorial 6th"]
[Site "Saratov"]
[Date "2006.11.27"]
[Round "1"]
[White "Vafin, Niaz"]
[Black "Kurnosov, Igor"]
[Result "1-0"]
[WhiteElo "2290"]
[BlackElo "2556"]
[PlyCount "95"]
[EventDate "2006.11.27"]
[EventType "swiss"]
[EventRounds "9"]
[EventCountry "RUS"]
[SourceTitle "EXT 2008"]
[Source "ChessBase"]
[SourceDate "2007.11.25"]
[SourceVersion "1"]
[SourceVersionDate "2007.11.25"]
[SourceQuality "1"]

1. e4 c5 2. Nf3 e6 3. d4 cxd4 4. Nxd4 a6 5. Nc3 d6 6. Be2 b5 7. Be3 Bb7 8. f3 Nd7 9. 0-0 Ngf6 10. Qe1 b4 11. Na4 d5 12. exd5 Nxd5 13. Bf2 Bd6 14. Bd3 Qc7 15. Bg3 Bxg3 16. Qxg3 Qxg3 17. hxg3 Ke7 18. Rfe1 g6 19. c4 bxc3 20. bxc3 Rhc8 21. Rab1 Rc7 22. c4 N5f6 23. g4 Rd8 24. g5 Ne8 25. Rxb7 Rxb7 26. Nc6+ Kf8 27. Nxd8 Rc7 28. Rb1 Ne5 29. Be2 Nxc4 30. Rb7 Ncd6 31. Rxc7 Nxc7 32. Nc6 Nb7 33. Kf2 Kg7 34. Nb8 a5 35. Na6 Nd5 36. Bc4 Nf4 37. N6c5 Nd6 38. Ba6 Nd5 39. Nb7 Nxb7 40. Bxb7 Nb4 41. Nc3 a4 42. a3 Nd3+ 43. Kf1 Nb2 44. Ba6 f6 45. f4 e5 46. fxe5 fxe5 47. Ke2 e4 48. Nxe4 1-0

[Event "Nezhmetdinov Memorial 28th"]
[Site "Kazan"]
[Date "2006.06.09"]
[Round "9"]
[White "Vafin, Niaz"]
[Black "Beliaev, Vasily"]
[Result "1-0"]
[WhiteElo "2242"]
[BlackElo "2162"]
[PlyCount "85"]
[EventDate "2006.06.01"]
[EventType "swiss"]
[EventRounds "9"]
[EventCountry "RUS"]
[SourceTitle "CBM 112 Extra"]
[Source "ChessBase"]
[SourceDate "2006.07.14"]
[SourceVersion "1"]
[SourceVersionDate "2006.07.14"]
[SourceQuality "1"]

1. e4 c5 2. Nf3 Nc6 3. d4 cxd4 4. Nxd4 Nf6 5. Nc3 e5 6. Ndb5 d6 7. Bg5 a6 8. Na3 b5 9. Nd5 Be7 10. Bxf6 Bxf6 11. c3 Ne7 12. c4 Nxd5 13. exd5 e4 14. Rb1 Bf5 15. cxb5 Qa5+ 16. Qd2 Qxd2+ 17. Kxd2 e3+ 18. Kxe3 Bxb1 19. Nxb1 axb5 20. Bxb5+ Ke7 21. a4 Bxb2 22. Nd2 Rhc8 23. Bc6 Rab8 24. Re1 Kf8 25. Kd3 Rb4 26. Nc4 Rb3+ 27. Ke2 Ba3 28. Ra1 Bc5 29. a5 Rc7 30. a6 Re7+ 31. Kf1 Rc3 32. Ne3 Ba7 33. g3 f5 34. Ra4 g5 35. Nxf5 Rc1+ 36. Kg2 Re2 37. Kf3 Rxf2+ 38. Kg4 h5+ 39. Kxg5 Rcf1 40. Bd7 Rxh2 41. Re4 Rxf5+ 42. Kxf5 Ra2 43. Kg6 1-0

[Event "Nezhmetdinov Memorial 28th"]
[Site "Kazan"]
[Date "2006.06.03"]
[Round "3"]
[White "Vafin, Niaz"]
[Black "Sokolov, Sergei"]
[Result "1/2-1/2"]
[WhiteElo "2242"]
[BlackElo "2367"]
[PlyCount "170"]
[EventDate "2006.06.01"]
[EventType "swiss"]
[EventRounds "9"]
[EventCountry "RUS"]
[SourceTitle "CBM 112 Extra"]
[Source "ChessBase"]
[SourceDate "2006.07.14"]
[SourceVersion "1"]
[SourceVersionDate "2006.07.14"]
[SourceQuality "1"]

1. e4 c5 2. Nf3 Nc6 3. c3 Nf6 4. Bd3 g6 5. 0-0 Bg7 6. Bc2 0-0 7. Re1 d5 8. e5 Ne8 9. h3 d4 10. d3 Nc7 11. Bf4 Ne6 12. Bg3 Qb6 13. Qc1 Bd7 14. Nbd2 Rad8 15. Ne4 Bc8 16. Rb1 Qa5 17. c4 h6 18. a3 a6 19. Qd2 Qxd2 20. Nexd2 a5 21. Ba4 Bd7 22. Bb5 Ra8 23. b3 Rfd8 24. Rb2 Na7 25. Bxd7 Rxd7 26. b4 axb4 27. axb4 Nc6 28. b5 Nb4 29. Rb3 Ra2 30. Ne4 b6 31. Reb1 Rda7 32. Ne1 h5 33. f3 Bh6 34. Kh2 Nf4 35. Bf2 Ne6 36. g3 Re2 37. Kg2 Raa2 38. f4 h4 39. Kf3 hxg3 40. Bxg3 Re3+ 41. Kg4 Nxd3 42. Nxd3 Rxe4 43. Nc1 Ra4 44. Kf3 Re3+ 45. Rxe3 dxe3 46. Kxe3 Rxc4 47. Ne2 Nd4 48. Kd3 Ra4 49. Nc3 Ra3 50. Kc4 Nf5 51. Bf2 e6 52. Bxc5 bxc5 53. Ne2 Ne3+ 54. Kxc5 Nd5 55. b6 Nxb6 56. Rxb6 Re3 57. Rb2 Re4 58. Nc3 Rxf4 59. Re2 Bf8+ 60. Kb5 Rb4+ 61. Ka5 Rb3 62. Ne4 Be7 63. Nf2 Bh4 64. Ka4 Rf3 65. Ne4 Rxh3 66. Kb4 Rd3 67. Kc4 Rd5 68. Nc3 Rd7 69. Ne4 Kg7 70. Rd2 Rxd2 71. Nxd2 g5 72. Kd3 Kg6 73. Ke4 Be1 74. Nc4 Bc3 75. Kd3 Ba1 76. Ke4 Kh5 77. Nd6 g4 78. Nxf7 Kh4 79. Nd8 g3 80. Kf3 Kh3 81. Nxe6 Bxe5 82. Ng5+ Kh2 83. Kg4 g2 84. Nf3+ Kh1 85. Kh3 Bf4 1/2-1/2

[Event "Nezhmetdinov Memorial 28th"]
[Site "Kazan"]
[Date "2006.06.01"]
[Round "1"]
[White "Vafin, Niaz"]
[Black "Alavkin, Arseny Nailievich"]
[Result "1/2-1/2"]
[WhiteElo "2242"]
[BlackElo "2485"]
[PlyCount "60"]
[EventDate "2006.06.01"]
[EventType "swiss"]
[EventRounds "9"]
[EventCountry "RUS"]
[SourceTitle "CBM 112 Extra"]
[Source "ChessBase"]
[SourceDate "2006.07.14"]
[SourceVersion "1"]
[SourceVersionDate "2006.07.14"]
[SourceQuality "1"]

1. e4 e6 2. d4 d5 3. Nd2 Nf6 4. e5 Nfd7 5. Bd3 c5 6. c3 Nc6 7. Ne2 cxd4 8. cxd4 f6 9. exf6 Nxf6 10. 0-0 Bd6 11. Nf3 Qc7 12. Nc3 a6 13. Bg5 0-0 14. Rc1 Ng4 15. h3 Nh2 16. Nxh2 Bxh2+ 17. Kh1 Bf4 18. Bxf4 Rxf4 19. Ne2 Rf6 20. f4 Qb6 21. Qd2 Bd7 22. Qe3 Raf8 23. Rf3 Be8 24. f5 exf5 25. Rxf5 Rxf5 26. Bxf5 Rxf5 27. Qxe8+ Rf8 28. Qe6+ Kh8 29. b3 Qd8 30. Nc3 Nxd4 1/2-1/2